| 000 | nam a22 7a 4500 | ||
|---|---|---|---|
| 999 |
_c30374 _d30374 |
||
| 008 | 190520b xxu||||| |||| 00| 0 eng d | ||
| 020 | _a9789966478764 | ||
| 050 |
_aGV 939 _b.K24 2015 |
||
| 100 | _aNene, John | ||
| 245 |
_aJoe Kadenge : _bthe life of a football legend : a biography / _cJohn Nene. |
||
| 260 |
_aNairobi : _bPhoenix Publishers ltd., _c2015. |
||
| 300 |
_axiv,300p. : _bill. ; _c21cm. |
||
| 650 | _aKenya. | ||
| 650 | _aFootball players. | ||
| 942 |
_2lcc _cAFRICANA _hGV 939 .K24 2015 |
||